Memoria para servir a la carta general del imperio mexicano y demás naciones descubiertas y conquistadas por los españoles durante el siglo xvi en el territorio perteneciente hoy á la República Mexicana (Record no. 10435)

MARC details
000 -CABECERA
campo de control de longitud fija 00796nam a2200217 a 4500
001 - NÚMERO DE CONTROL
campo de control BRL_1626
005 - FECHA Y HORA DE LA ÚLTIMA TRANSACCIÓN
campo de control 20190320211309.0
008 - DATOS DE LONGITUD FIJA--INFORMACIÓN GENERAL
campo de control de longitud fija 060116s1983----mx-ae#####---#000-0#spa-#
041 ## - CÓDIGO DE LENGUA
Código de lengua del texto/banda sonora o título independiente spa
044 ## - CÓDIGO DEL PAÍS DE LA ENTIDAD EDITORA/PRODUCTORA
Código MARC del país mx
050 #4 - SIGNATURA TOPOGRÁFICA DE LA BIBLIOTECA DEL CONGRESO
Número de clasificación F1219
Número de documento/Ítem .G37 1983
100 1# - ENTRADA PRINCIPAL--NOMBRE DE PERSONA
Nombre de persona García Cubas, Antonio
Fechas asociadas al nombre 1832-1912
9 (RLIN) 8182
245 10 - MENCIÓN DE TÍTULO
Título Memoria para servir a la carta general del imperio mexicano y demás naciones descubiertas y conquistadas por los españoles durante el siglo xvi en el territorio perteneciente hoy á la República Mexicana
Mención de responsabilidad, etc. por Antonio García Cubas.
260 ## - PUBLICACIÓN, DISTRIBUCIÓN, ETC.
Lugar de publicación, distribución, etc. México
Nombre del editor, distribuidor, etc. Jorge Porrúa
Fecha de publicación, distribución, etc. 1983
300 ## - DESCRIPCIÓN FÍSICA
Extensión 57 p.
Otras características físicas il., planos
Dimensiones 21 cm.
500 ## - NOTA GENERAL
Nota general Au1882
650 14 - PUNTO DE ACCESO ADICIONAL DE MATERIA--TÉRMINO DE MATERIA
Término de materia o nombre geográfico como elemento de entrada Indígenas de México
9 (RLIN) 4678
651 #4 - PUNTO DE ACCESO ADICIONAL DE MATERIA--NOMBRE GEOGRÁFICO
Nombre geográfico México
Subdivisión general Historia
Subdivisión cronológica Conquista, 1519-1540
9 (RLIN) 442
902 ## - CATALOGADOR
Iniciales GRL
942 ## - ELEMENTOS DE PUNTO DE ACCESO ADICIONAL (KOHA)
Fuente del sistema de clasificación o colocación Library of Congress Classification
Tipo de ítem Koha Libros
Holdings
Estado de retiro Estado de pérdida Estado dañado No para préstamo Localización permanente Ubicación/localización actual Fecha de adquisición Número de inventario Total de préstamos Signatura topográfica completa Código de barras Fecha visto por última vez Precio válido a partir de Tipo de ítem Koha
El ejemplar forma parte de la colección y puede ser consultado según las políticas vigentes.       Biblioteca Centro de Estudios Ruth D. Lechuga Biblioteca Centro de Estudios Ruth D. Lechuga 14/04/2014 Au1882   F1219 .G37 1983 (Au1882) GRL01792 22/03/2019 22/03/2019 Libros